000 00311nam a2200145Ia 4500
100 _aZade/Mohankumar
942 _cBK
654 _aProgramming
245 _aComputer Programming II
260 _bNirja construction
_aPune
_c1996
082 _a5.133
_bZAD
300 _a170
546 _aENGLISH
999 _c19087
_d19087